000 00490nam a22001817a 4500
003 OSt
008 250710b |||||||| |||| 00| 0 eng d
020 _a9788176711197
082 _a150 MOI
100 _aMORGAN, Clifford T. and KING, Richard A.
245 _aIntroduction To Psychology
250 _a7th. ed.
260 _aNew Delhi,
_bAffiliated East West Press,
_c2023,
300 _aMisc,
650 _aPsychology
700 _aWEISZ, John R. and SCHOPLER, John
942 _2ddc
_cBK
999 _c13664
_d13664